000 00302nam a2200121Ia 4500
008 190216s9999||||xx |||||||||||||| ||und||
100 _aKeralaverma Valiakoithampuran
245 0 _aMayurasandesam-Keralahridayam
260 _bNational Book Stall
300 _a176p
650 _aKavithkal
942 _cBK
999 _c24070
_d24070